000
00299nam a2200109Ia 4500
008
230320s9999||||xx |||||||||||||| ||spa||
082
_a
320.985/L26
100
_a
López Jiménez, Sinesio
245
0
_a
Ciudadanos Reales E Imaginarios
260
_b
Instituto de diálogo y propuestas
942
_8
0
_c
LIB
999
_c
39206
_d
39206